ნორმალური ფორმატი
MARC ფორმატი
ჩანაწერი Corporate Name
ჩანაწერთა რაოდენობა, რომელიც გამოყენებულია: 1
001 - CONTROL NUMBER
- control field: 9744
003 - CONTROL NUMBER IDENTIFIER
- control field: GE_BSU
005 - DATE AND TIME OF LATEST TRANSACTION
- control field: 20201123230441.0
008 - FIXED-LENGTH DATA ELEMENTS
- fixed length control field: 201123|| aca||aabn | a|a d
040 ## - CATALOGING SOURCE
- Original cataloging agency: GE_BSU
- Transcribing agency: GE_BSU
110 ## - HEADING--CORPORATE NAME
- Corporate name or jurisdiction name as entry element: აკაკი წერეთლის სახელმწიფო უნივერსიტეტი
- Subordinate unit: ქართველური დიალექტოლოგიის სამეცნიერო-კვლევთი მიმართულება
670 ## - SOURCE DATA FOUND
- Source citation: Work cat.: (GE_BSU)53376: კაშია , რუსუდან 9742, ქართული ხალხური მედიცინის საკითხები : იმერეთის (ხონის) ეთნოგრაფიული მასალის მიხედვით /
